书目信息 |
| 题名: |
建筑围护结构节能设计与实践
|
|
| 作者: | 班广生 主编 | |
| 分册: | ||
| 出版信息: | 北京 中国建筑工业出版社 2010.08 |
|
| 页数: | 249页 | |
| 开本: | 26cm | |
| 丛书名: | 建筑节能设计与实践丛书 | |
| 单 册: | ||
| 中图分类: | TU111.4 | |
| 科图分类: | ||
| 主题词: | 建筑物--Jian Zhu Wu--围护结构--节能--建筑设计 , 建筑物--Jian Zhu Wu--工程施工 | |
| 电子资源: | ||
| ISBN: | 978-7-112-12094-9 | |
| 000 | 01271nam 2200277 450 | |
| 001 | 012006002304 | |
| 005 | 20191030075943.54 | |
| 010 | @a978-7-112-12094-9@dCNY42.00 | |
| 019 | @a19351 | |
| 100 | @a20111101d2010 km y0chiy0121 eb | |
| 101 | 0 | @achi |
| 102 | @aCN@b110000 | |
| 105 | @aa a 000yy | |
| 200 | 1 | @a建筑围护结构节能设计与实践@AJian Zhu Wei Hu Jie Gou Jie Neng She Ji Yu Shi Jian@f班广生主编@Fban guang sheng zhu bian |
| 210 | @a北京@c中国建筑工业出版社@d2010.08 | |
| 215 | @a249页@c图@d26cm | |
| 225 | 2 | @a建筑节能设计与实践丛书@AJian Zhu Jie Neng She Ji Yu Shi Jian Cong Shu |
| 320 | @a有书目 | |
| 330 | @a我国城乡建筑围护结构保温隔热和气密性能差,采暖空调系统的能源效率低下,与发达国家不断提高的建筑节能要求相比,差距较大。我国已经编制的居住建筑与公共建筑节能设计标准都是在原有能耗基础上,通过改善建筑围护结构保温隔热性能,以及提高设备和系统能源利用效率,达到一定的节能标准。本书从实践应用的角度,结合最新技术与有关标准,对建筑围护结构节能的设计与实践做了详尽的阐述。 | |
| 410 | 0 | @12001 @a建筑节能设计与实践丛书 |
| 606 | 0 | @a建筑物@AJian Zhu Wu@x围护结构@x节能@j建筑设计 |
| 606 | 0 | @a建筑物@AJian Zhu Wu@x工程施工 |
| 690 | @aTU111.4@v5 | |
| 701 | 0 | @a班广生@ABan Guang Sheng@4主编 |
| 801 | 0 | @aCN@c20111101 |
| 905 | @dTU111.4@eB174@f5 | |
| 建筑围护结构节能设计与实践/班广生主编.-北京:中国建筑工业出版社,2010.08 |
| 249页:图;26cm.-(建筑节能设计与实践丛书) |
| ISBN 978-7-112-12094-9:CNY42.00 |
| 我国城乡建筑围护结构保温隔热和气密性能差,采暖空调系统的能源效率低下,与发达国家不断提高的建筑节能要求相比,差距较大。我国已经编制的居住建筑与公共建筑节能设计标准都是在原有能耗基础上,通过改善建筑围护结构保温隔热性能,以及提高设备和系统能源利用效率,达到一定的节能标准。本书从实践应用的角度,结合最新技术与有关标准,对建筑围护结构节能的设计与实践做了详尽的阐述。 |
| ● |
| 相关链接 |
|
|
|
正题名:建筑围护结构节能设计与实践
索取号:TU111.4/B174
 
预约/预借
| 序号 | 登录号 | 条形码 | 馆藏地/架位号 | 状态 | 备注 |
| 1 | 1061255 | 210612559 | 建筑库101/101建筑库 24排2列2层/ [索取号:TU111.4/B174] | 在馆 | |
| 2 | 1061256 | 210612568 | 建筑库101/101建筑库 24排2列2层/ [索取号:TU111.4/B174] | 在馆 | |
| 3 | 1061257 | 210612577 | 建筑库101/101建筑库 24排2列2层/ [索取号:TU111.4/B174] | 在馆 | |
| 4 | 1061258 | 210612586 | 建筑库101/101建筑库 24排2列2层/ [索取号:TU111.4/B174] | 在馆 | |
| 5 | 1061259 | 210612595 | 建筑库101/101建筑库 24排2列2层/ [索取号:TU111.4/B174] | 在馆 | |
| 6 | 1455897 | 214558977 | 建筑库101/101建筑库 24排2列2层/ [索取号:TU111.4/B174] | 在馆 | |
| 7 | 1455898 | 214558986 | 建筑库101/101建筑库 24排2列2层/ [索取号:TU111.4/B174] | 在馆 | |
| 8 | 1455899 | 214558995 | 建筑库101/101建筑库 24排2列2层/ [索取号:TU111.4/B174] | 在馆 |